000 nam a22 7a 4500
999 _c127052
_d127052
008 171006b xxu||||| |||| 00| 0 eng d
050 _aQH77.A356 B55 2000
245 _aBiodiversity of indigenous forests and woodlands in Southern Africa
_cHugh McCullum (ed.)
260 _aLesotho
_bSADC
_c2000
300 _axx, 252p. ;
_c24cm.
650 _aBiodiversity conservation
_zAfrica, Southern
_924968
650 _aForest biodiversity
_zAfrica, Southern
_924969
700 _aMcCullum, Hugh (ed.)
_936751
942 _2lcc
_cMONOGRAPH